| 000 | 00966nam a2200313 i 4500 | ||
|---|---|---|---|
| 999 |
_c200449208 _d67420 |
||
| 003 | TR-IsYBT | ||
| 005 | 20240104092831.0 | ||
| 007 | ta | ||
| 008 | 220702s2022 tu a $r 000$ tturud | ||
| 020 | _a9786058755482 | ||
| 040 |
_aTR-AnTOB _beng _erda _cTR-AnTOB |
||
| 041 | 0 | _atur | |
| 044 | _ctu | ||
| 050 | 4 | _aNA5871 .K34 | |
| 090 | 0 | 0 |
_aNA5871 .K34 _bA84 2022 |
| 245 | 0 | 0 |
_aAshâb-ı Kehf camii şerifi / _ceditör Sefer Turan. |
| 250 | _a1. baskı. | ||
| 264 | 1 |
_aKahramanmaraş : _bAfşin Belediyesi Yayınları, _c2022. |
|
| 300 |
_a127 pages : _bphotographs ; _c28 cm. |
||
| 336 |
_atext _btxt _2rdacontent |
||
| 337 |
_aunmediated _bn _2rdamedia |
||
| 338 |
_avolume _bnc _2rdacarrier |
||
| 490 | 0 |
_aAfşin Belediyesi Kültür Yayınları ; _v02. |
|
| 650 | 7 |
_aCamiler _zTürkiye _zKahramanmaraş _987922 |
|
| 650 | 7 |
_aMimari, Osmanlı _zTürkiye _2etuturkob _977083 |
|
| 700 | 1 |
_aTuran, Sefer _912128 |
|
| 942 |
_cBK _2lcc |
||